| LEADER 00000nam 2200000uu 4500 |
| 001 13399120134 |
| 003 ULIBM |
| 008 181011s2559||||th 000 0 tha d |
| 020 ^a9786167188256
|
| 082 0 ^a495.1^bฝ267ร
|
| 100 0 ^aฝ่ายวิชาการสำนักพิมพ์สื่อรวิชญ.
|
| 245 00 ^aคำศัพท์หมวดที่ใช้ในชีวิตประจำวัน(ฉบับเรียนง่ายใช้งานได้จริง)/^cโดย ฝ่ายวิชาการสำนักพิมพ์สื่อรวิชญ.
|
| 250 ^aพิมพ์ครั้งที่ 1.
|
| 260 ^aกรุงเทพฯ :^bสื่อรวิชญ,^c2559.
|
| 300 ^a332 หน้า :^bภาพประกอบ ;^c21 ซม.
|
| 650 0 ^aภาษาจีน^xคำศัพท์.
|
| 650 0 ^aภาษาจีน^xการใช้ภาษา.
|
| 999 ^aจริญญา ศิลธรรม
|
หนังสือดีน่าอ่าน

“ดั่งดวงแก้ว ส่องสว่าง ทางสายงาม”
จัดทำขึ้นเพื่อเฉลิมพระเกียรติ สมเด็จพระเทพรัตนราชสุดา ฯ สยามบรมราชกุมารี
เนื่องในโอกาสมหามงคลเฉลิมพระชนมพรรษา ๕ รอบ ๒ เมษายน ๒๕๕๘
โดยหนังสือเล่มนี้ได้รวบรวม ๖๐ พระอัจฉริยภาพของสมเด็จพระเทพ ฯ
ผู้อ่านจะได้รับแรงบันดาลใจให้พากเพียรเรียนรู้และขยันอดทนทำการงาน
ตามรอยเบื้องพระยุคลบาท เพราะพระองค์ทรงเป็นแบบอย่างอันดีเยี่ยมในทุกด้าน
ทั้งในความใฝ่รู้ใฝ่เรียน คุณธรรมจริยธรรม พระวิริยอุตสาหะในการทรงงาน
และอื่นๆอีกมากมาย ล้วนสามารถสร้างแรงบันดาลใจให้แก่เด็กและเยาวชน
อีกทั้งประชาชนทั่วไป ให้พากเพียรเรียนรู้และขยันอดทนทำการงานตามรอยพระยุคลบาท
เพื่อฝึกฝนตนเองให้เป็นคนดีคนเก่งของครอบครัวและสังคมต่อไป